[Event "ROU-chT 1st League 2019"]
[Site "Mamaia"]
[Date "2019.09.25"]
[Round "5.12"]
[White "Micu, Iulian"]
[Black "Bobocea, Laurentiu-Vlad"]
[Result "1/2-1/2"]
[WhiteElo "2165"]
[BlackElo "1921"]
[Annotator "NA"]
[PlyCount "52"]
[EventDate "2019.09.21"]
[EventType "team-tourn"]
[EventCountry "ROU"]
[SourceTitle "playchess.com"]
[Source "ChessBase"]
[SourceQuality "1"]
[TimeControl "40/5400+30:1800+30"]

1. e4 {[%emt 0:00:00]} c5 {[%emt 0:00:00]} 2. Nf3 {[%emt 0:00:00]} d6 {[%emt 0:00:00]} 3. c3 {[%emt 0:00:19]} Nf6 {[%emt 0:00:08]} 4. Bd3 {[%emt 0:00:15]} Nc6 {[%emt 0:00:41]} 5. O-O {[%emt 0:02:08]} g6 {[%emt 0:01:31]} 6. h3 {[%emt 0:00:45]} Bg7 {[%emt 0:00:08]} 7. Re1 {[%emt 0:00:52]} O-O {[%emt 0:00:57]} 8. Bc2 {[%emt 0:00:52]} e5 {[%emt 0:00:43]} 9. d4 {[%emt 0:10:21]} cxd4 {[%emt 0:00:20]} 10. cxd4 {[%emt 0:00:11]} exd4 {[%emt 0:00:16]} 11. Nxd4 {[%emt 0:01:21]} d5 {[%emt 0:03:18]} 12. Nxc6 {[%emt 0:12:15]} bxc6 {[%emt 0:00:17]} 13. e5 {[%emt 0:00:10]} Nd7 {[%emt 0:12:22]} 14. f4 {[%emt 0:00:33]} Re8 {[%emt 0:06:18]} 15. Nc3 {[%emt 0:11:23]} Nb6 {[%emt 0:02:22]} 16. Na4 {[%emt 0:14:40]} f6 {[%emt 0:20:51]} 17. exf6 {[%emt 0:02:01]} Bxf6 {[%emt 0:00:53]} 18. Kh1 {[%emt 0:05:18]} Nxa4 {[%emt 0:09:21]} 19. Bxa4 {[%emt 0:00:14]} Bd7 {[%emt 0:06:00]} 20. Bc2 {[%emt 0:03:46]} Qb6 {[%emt 0:04:14]} 21. Rf1 {[%emt 0:01:00]} Qd4 {[%emt 0:07:53]} 22. Qf3 {[%emt 0:07:49]} Bg7 {[%emt 0:07:54]} 23. Rb1 {[%emt 0:01:47]} Bf5 {[%emt 0:01:37]} 24. Bxf5 {[%emt 0:02:01]} gxf5 {[%emt 0:00:01]} 25. b4 {[%emt 0:01:20]} Qe4 {[%emt 0:01:47]} 26. Bb2 {[%emt 0:00:17]} Qxf3 {[%emt 0:03:20]} 1/2-1/2

[Event "ROU-chT 1st League 2019"]
[Site "Mamaia"]
[Date "2019.09.25"]
[Round "5.13"]
[White "Tarlev, Konstantin"]
[Black "Macovei, Andrei"]
[Result "1-0"]
[WhiteElo "2559"]
[BlackElo "2426"]
[Annotator "ChessBase"]
[PlyCount "85"]
[EventDate "2019.09.21"]
[EventType "team-tourn"]
[EventCountry "ROU"]
[SourceTitle "playchess.com"]
[Source "ChessBase"]
[SourceQuality "1"]
[TimeControl "40/5400+30:1800+30"]

1. d4 {[%emt 0:00:00]} Nf6 {[%emt 0:00:00]} 2. c4 {[%emt 0:00:00]} e6 {[%emt 0:00:18]} 3. Nf3 {[%emt 0:00:00]} d5 {[%emt 0:02:27]} 4. g3 {[%emt 0:00:07]} Be7 {[%emt 0:00:46]} 5. Bg2 {[%emt 0:00:22]} O-O {[%emt 0:00:05]} 6. Qc2 {[%emt 0:02:31]} c5 {[%emt 0:04:14]} 7. dxc5 {[%emt 0:06:35]} Qa5+ {[%emt 0:12:56]} 8. Nc3 {[%emt 0:21:26]} dxc4 {[%emt 0:05:54]} 9. O-O {[%emt 0:00:45]} Nc6 {[%emt 0:03:31]} 10. Ne4 {[%emt 0:24:10]} Nxe4 {[%emt 0:01:34]} 11. Qxe4 {[%emt 0:00:04]} Qxc5 {[%emt 0:04:37]} 12. Be3 {[%emt 0:01:05]} Qb5 {[%emt 0:21:50]} 13. Rfc1 {[%emt 0:02:48]} e5 {[%emt 0:10:58]} 14. Qxc4 {[%emt 0:00:45]} Qxc4 {[%emt 0:00:14]} 15. Rxc4 {[%emt 0:00:04]} Be6 {[%emt 0:00:14]} 16. Rxc6 {[%emt 0:12:04]} bxc6 {[%emt 0:01:16]} 17. Nxe5 {[%emt 0:00:05]} Bd5 {[%emt 0:06:23]} 18. Nxc6 {[%emt 0:01:22]} Bxc6 {[%emt 0:00:04]} 19. Bxc6 {[%emt 0:00:02]} Rac8 {[%emt 0:00:02]} 20. Be4 {[%emt 0:01:34]} Bc5 {[%emt 0:00:46]} 21. Bd2 {[%emt 0:02:58]} Rfd8 {[%emt 0:01:01]} 22. Bd3 {[%emt 0:00:14]} Bd4 {[%emt 0:00:59]} 23. Rb1 {[%emt 0:01:03]} g6 {[%emt 0:00:35]} 24. b4 {[%emt 0:09:15]} Rd6 {[%emt 0:05:22]} 25. Kg2 {[%emt 0:02:14]} Rf6 {[%emt 0:02:10]} 26. f4 {[%emt 0:01:05]} Re6 {[%emt 0:01:32]} 27. Kf3 {[%emt 0:00:56]} Rce8 {[%emt 0:02:49]} 28. a4 {[%emt 0:05:49]} Be3 {[%emt 0:00:16]} 29. Bc3 {[%emt 0:00:48]} Rc8 {[%emt 0:02:13]} 30. Rb3 {[%emt 0:01:10]} Rd8 {[%emt 0:03:45]} 31. a5 {[%emt 0:01:27]} Bd4 {[%emt 0:00:34]} 32. Bd2 {[%emt 0:00:30]} Rc8 {[%emt 0:00:53]} 33. b5 {[%emt 0:00:08]} Kf8 {[%emt 0:00:59]} 34. g4 {[%emt 0:01:41]} Kg8 {[%emt 0:02:31]} 35. h4 {[%emt 0:00:12]} Re7 {[%emt 0:00:39]} 36. h5 {[%emt 0:01:03]} Rce8 {[%emt 0:00:37]} 37. h6 {[%emt 0:00:26]} Rc7 {[%emt 0:01:25]} 38. g5 {[%emt 0:00:26]} Rb8 {[%emt 0:00:51]} 39. e3 {[%emt 0:00:59]} Bc5 {[%emt 0:00:04]} 40. Bc3 {[%emt 0:00:00]} Re7 {[%emt 0:00:00]} 41. Be5 {[%emt 0:03:06]} Rxe5 {[%emt 0:04:13]} 42. fxe5 {[%emt 0:00:07]} Be7 {[%emt 0:00:12]} 43. Be4 {[%emt 0:02:52]} 1-0

[Event "ROU-chT 1st League 2019"]
[Site "Mamaia"]
[Date "2019.09.25"]
[Round "5.14"]
[White "Schitco, Ivan"]
[Black "Morozov, Nichita"]
[Result "1/2-1/2"]
[WhiteElo "2492"]
[BlackElo "2394"]
[Annotator "ChessBase"]
[PlyCount "82"]
[EventDate "2019.09.21"]
[EventType "team-tourn"]
[EventCountry "ROU"]
[SourceTitle "playchess.com"]
[Source "ChessBase"]
[SourceQuality "1"]
[TimeControl "40/5400+30:1800+30"]

1. c4 {[%emt 0:00:00]} Nf6 {[%emt 0:00:00]} 2. Nc3 {[%emt 0:00:00]} g6 {[%emt 0:04:53]} 3. d4 {[%emt 0:01:26]} d5 {[%emt 0:00:07]} 4. cxd5 {[%emt 0:00:56]} Nxd5 {[%emt 0:00:26]} 5. e4 {[%emt 0:00:55]} Nxc3 {[%emt 0:00:07]} 6. bxc3 {[%emt 0:00:03]} Bg7 {[%emt 0:00:04]} 7. Nf3 {[%emt 0:00:18]} c5 {[%emt 0:00:31]} 8. Be3 {[%emt 0:00:06]} Qa5 {[%emt 0:04:29]} 9. Qd2 {[%emt 0:00:17]} O-O {[%emt 0:03:49]} 10. Rc1 {[%emt 0:00:23]} Bg4 {[%emt 0:02:05]} 11. d5 {[%emt 0:05:00]} Nd7 {[%emt 0:15:08]} 12. c4 {[%emt 0:06:53]} Qc7 {[%emt 0:01:44]} 13. Bd3 {[%emt 0:10:09]} Bxf3 {[%emt 0:05:16]} 14. gxf3 {[%emt 0:00:05]} f5 {[%emt 0:00:07]} 15. exf5 {[%emt 0:02:25]} Ne5 {[%emt 0:00:44]} 16. Be2 {[%emt 0:01:03]} gxf5 {[%emt 0:00:29]} 17. f4 {[%emt 0:03:23]} Ng6 {[%emt 0:01:02]} 18. Rg1 {[%emt 0:16:37]} Rad8 {[%emt 0:03:29]} 19. Bh5 {[%emt 0:05:38]} Rd6 {[%emt 0:03:26]} 20. Bxg6 {[%emt 0:04:41]} Rxg6 {[%emt 0:03:06]} 21. Ke2 {[%emt 0:01:03]} Rff6 {[%emt 0:00:24]} 22. Qc2 {[%emt 0:03:22]} Qc8 {[%emt 0:05:24]} 23. h4 {[%emt 0:06:03]} Rb6 {[%emt 0:07:52]} 24. h5 {[%emt 0:01:30]} Rb2 {[%emt 0:03:02]} 25. hxg6 {[%emt 0:00:17]} Rxc2+ {[%emt 0:00:05]} 26. Rxc2 {[%emt 0:00:02]} h5 {[%emt 0:00:16]} 27. Rh1 {[%emt 0:03:49]} Bf6 {[%emt 0:00:25]} 28. Rxh5 {[%emt 0:00:53]} Kg7 {[%emt 0:00:03]} 29. Bd2 {[%emt 0:06:54]} Qc7 {[%emt 0:05:34]} 30. Rh3 {[%emt 0:01:24]} Qb6 {[%emt 0:00:35]} 31. Rb3 {[%emt 0:01:15]} Qa6 {[%emt 0:00:05]} 32. Be3 {[%emt 0:02:55]} b6 {[%emt 0:00:50]} 33. Bc1 {[%emt 0:01:20]} Kxg6 {[%emt 0:00:32]} 34. Ra3 {[%emt 0:01:15]} Qc8 {[%emt 0:01:36]} 35. Bb2 {[%emt 0:01:16]} Bxb2 {[%emt 0:01:03]} 36. Rxb2 {[%emt 0:00:16]} Qh8 {[%emt 0:00:01]} 37. Rc2 {[%emt 0:01:44]} Qd4 {[%emt 0:01:26]} 38. Re3 {[%emt 0:02:35]} Kf7 {[%emt 0:00:10]} 39. Ke1 {[%emt 0:02:47]} Qa1+ {[%emt 0:03:21]} 40. Ke2 {[%emt 0:00:00]} Qd4 {[%emt 0:00:00]} 41. Ke1 Qa1+ {[%emt 0:00:09]} 1/2-1/2

[Event "ROU-chT 1st League 2019"]
[Site "Mamaia"]
[Date "2019.09.25"]
[Round "5.15"]
[White "Ionescu, Constantin"]
[Black "Vrencian, Lehel"]
[Result "1-0"]
[WhiteElo "2426"]
[BlackElo "2306"]
[Annotator "NA"]
[PlyCount "63"]
[EventDate "2019.09.21"]
[EventType "team-tourn"]
[EventCountry "ROU"]
[SourceTitle "playchess.com"]
[Source "ChessBase"]
[SourceQuality "1"]
[TimeControl "40/5400+30:1800+30"]

1. Nf3 {[%emt 0:00:00]} Nf6 {[%emt 0:00:15]} 2. c4 {[%emt 0:00:00]} d6 {[%emt 0:00:04]} 3. d4 {[%emt 0:00:08]} Nbd7 {[%emt 0:00:13]} 4. Nc3 {[%emt 0:00:07]} e5 {[%emt 0:00:05]} 5. e4 {[%emt 0:00:08]} c6 {[%emt 0:00:11]} 6. Be2 {[%emt 0:00:08]} a6 {[%emt 0:00:12]} 7. Rb1 {[%emt 0:00:47]} Be7 {[%emt 0:00:50]} 8. O-O {[%emt 0:00:14]} O-O {[%emt 0:00:44]} 9. b4 {[%emt 0:02:10]} b5 {[%emt 0:00:09]} 10. dxe5 {[%emt 0:13:07]} dxe5 {[%emt 0:01:02]} 11. c5 {[%emt 0:00:13]} a5 {[%emt 0:00:54]} 12. a3 {[%emt 0:00:08]} Qc7 {[%emt 0:00:27]} 13. Bb2 {[%emt 0:00:33]} Rd8 {[%emt 0:00:59]} 14. Qc2 {[%emt 0:00:44]} axb4 {[%emt 0:15:50]} 15. axb4 {[%emt 0:00:10]} Nf8 {[%emt 0:01:00]} 16. Nxe5 {[%emt 0:11:43]} Qxe5 {[%emt 0:00:07]} 17. Nd5 {[%emt 0:00:05]} Rxd5 {[%emt 0:00:05]} 18. Bxe5 {[%emt 0:02:13]} Rxe5 {[%emt 0:00:07]} 19. f3 {[%emt 0:00:43]} Ra4 {[%emt 0:09:55]} 20. Qc3 {[%emt 0:04:23]} Ng6 {[%emt 0:13:36]} 21. Bd1 {[%emt 0:01:13]} Ra8 {[%emt 0:02:30]} 22. Bc2 {[%emt 0:01:47]} Rh5 {[%emt 0:08:22]} 23. Ra1 {[%emt 0:01:30]} Rb8 {[%emt 0:03:06]} 24. f4 {[%emt 0:02:53]} Rh4 {[%emt 0:19:40]} 25. g3 {[%emt 0:00:31]} Rh3 {[%emt 0:02:28]} 26. f5 {[%emt 0:01:52]} Nf8 {[%emt 0:00:39]} 27. Qe5 {[%emt 0:04:24]} Rb7 {[%emt 0:01:15]} 28. Ra8 {[%emt 0:00:23]} Rxh2 {[%emt 0:02:40]} 29. Bd1 {[%emt 0:00:46]} Rd7 {[%emt 0:03:32]} 30. Rxc8 {[%emt 0:02:37]} Rdd2 {[%emt 0:08:21]} 31. Bf3 {[%emt 0:00:08]} Rh3 {[%emt 0:01:45]} 32. Rf2 {[%emt 0:00:55]} 1-0

[Event "ROU-chT 1st League 2019"]
[Site "Mamaia"]
[Date "2019.09.25"]
[Round "5.16"]
[White "Nastase, Robert-Paul"]
[Black "Cosma, Ioan"]
[Result "0-1"]
[WhiteElo "2280"]
[BlackElo "2394"]
[Annotator "NA"]
[PlyCount "118"]
[EventDate "2019.09.21"]
[EventType "team-tourn"]
[EventCountry "ROU"]
[SourceTitle "playchess.com"]
[Source "ChessBase"]
[SourceQuality "1"]
[TimeControl "40/5400+30:1800+30"]

1. e4 {[%emt 0:02:16]} c5 {[%emt 0:00:00]} 2. Nf3 {[%emt 0:00:05]} Nc6 {[%emt 0:00:00]} 3. Bb5 {[%emt 0:00:06]} g6 {[%emt 0:00:56]} 4. Bxc6 {[%emt 0:00:05]} dxc6 {[%emt 0:00:05]} 5. d3 {[%emt 0:00:03]} Bg4 {[%emt 0:02:16]} 6. Nbd2 {[%emt 0:00:06]} Bg7 {[%emt 0:01:38]} 7. h3 {[%emt 0:00:05]} Bxf3 {[%emt 0:00:09]} 8. Nxf3 {[%emt 0:00:03]} Nf6 {[%emt 0:00:36]} 9. Be3 {[%emt 0:00:42]} Nd7 {[%emt 0:02:56]} 10. O-O {[%emt 0:00:07]} O-O {[%emt 0:03:06]} 11. c3 {[%emt 0:00:26]} b6 {[%emt 0:00:37]} 12. Qc2 {[%emt 0:00:15]} e5 {[%emt 0:01:23]} 13. Rad1 {[%emt 0:00:26]} Qe7 {[%emt 0:03:09]} 14. Nd2 {[%emt 0:03:44]} Rfd8 {[%emt 0:04:11]} 15. Nc4 {[%emt 0:01:26]} Nf8 {[%emt 0:00:38]} 16. f4 {[%emt 0:00:06]} exf4 {[%emt 0:01:23]} 17. Bxf4 {[%emt 0:00:49]} Ne6 {[%emt 0:00:26]} 18. Be5 {[%emt 0:00:50]} b5 {[%emt 0:03:48]} 19. Bxg7 {[%emt 0:00:07]} Nxg7 {[%emt 0:00:07]} 20. Na5 {[%emt 0:10:34]} Qc7 {[%emt 0:02:32]} 21. Nb3 {[%emt 0:02:29]} Ne6 {[%emt 0:01:38]} 22. Qf2 {[%emt 0:01:51]} Qe7 {[%emt 0:01:32]} 23. d4 {[%emt 0:00:35]} cxd4 {[%emt 0:09:34]} 24. cxd4 {[%emt 0:00:18]} Rd7 {[%emt 0:00:43]} 25. Na5 {[%emt 0:04:25]} Rc8 {[%emt 0:03:50]} 26. d5 {[%emt 0:00:23]} Nd8 {[%emt 0:09:33]} 27. Nb3 {[%emt 0:12:12]} cxd5 {[%emt 0:08:56]} 28. exd5 {[%emt 0:00:40]} Rc4 {[%emt 0:01:35]} 29. Rfe1 {[%emt 0:03:54]} Qg5 {[%emt 0:02:56]} 30. Na5 {[%emt 0:11:34]} Rf4 {[%emt 0:02:56]} 31. Qc5 {[%emt 0:01:02]} Kg7 {[%emt 0:07:29]} 32. Qxb5 {[%emt 0:04:00]} Rd6 {[%emt 0:08:08]} 33. Qc5 {[%emt 0:02:48]} Rdf6 {[%emt 0:02:14]} 34. Qxa7 {[%emt 0:06:56]} Rf2 {[%emt 0:02:15]} 35. Qxf2 {[%emt 0:00:13]} Rxf2 {[%emt 0:00:04]} 36. Kxf2 {[%emt 0:00:04]} Qf6+ {[%emt 0:00:04]} 37. Kg3 {[%emt 0:05:20]} Qd6+ {[%emt 0:00:18]} 38. Kf3 {[%emt 0:00:07]} Qf6+ {[%emt 0:01:06]} 39. Kg3 {[%emt 0:05:33]} Qd6+ {[%emt 0:00:07]} 40. Kf2 {[%emt 0:00:00]} Qb6+ {[%emt 0:00:00]} 41. Re3 {[%emt 0:01:29]} Qxa5 {[%emt 0:00:27]} 42. a3 {[%emt 0:00:19]} Qc5 {[%emt 0:08:26]} 43. Rd2 {[%emt 0:06:24]} Nb7 {[%emt 0:00:13]} 44. b4 {[%emt 0:00:07]} Qc7 {[%emt 0:00:37]} 45. Ke2 {[%emt 0:06:20]} Nd6 {[%emt 0:00:23]} 46. Kd1 {[%emt 0:00:13]} Qc4 {[%emt 0:01:24]} 47. Red3 {[%emt 0:00:24]} h5 {[%emt 0:00:35]} 48. Ke1 {[%emt 0:00:17]} h4 {[%emt 0:00:46]} 49. Rd4 {[%emt 0:02:54]} Qc1+ {[%emt 0:00:27]} 50. Ke2 {[%emt 0:00:06]} Qxa3 {[%emt 0:00:07]} 51. Rxh4 {[%emt 0:00:09]} Qg3 {[%emt 0:01:14]} 52. Rg4 {[%emt 0:00:24]} Qe5+ {[%emt 0:00:07]} 53. Kd1 {[%emt 0:00:20]} f5 {[%emt 0:05:12]} 54. Rgd4 {[%emt 0:00:08]} Kf6 {[%emt 0:00:46]} 55. Kc2 {[%emt 0:00:12]} Qe1 {[%emt 0:00:43]} 56. Rd1 {[%emt 0:00:15]} Qe8 {[%emt 0:00:21]} 57. Kb3 {[%emt 0:00:19]} Qe3+ {[%emt 0:00:29]} 58. R4d3 {[%emt 0:00:15]} Qe4 {[%emt 0:00:14]} 59. Rc3 {[%emt 0:01:30]} Qxg2 {[%emt 0:01:10]} 0-1

[Event "ROU-chT 1st League 2019"]
[Site "Mamaia"]
[Date "2019.09.25"]
[Round "5.17"]
[White "Itkis, Boris"]
[Black "Pop, Alexandru"]
[Result "1-0"]
[WhiteElo "2323"]
[BlackElo "2274"]
[Annotator "NA"]
[PlyCount "93"]
[EventDate "2019.09.21"]
[EventType "team-tourn"]
[EventCountry "ROU"]
[SourceTitle "playchess.com"]
[Source "ChessBase"]
[SourceQuality "1"]
[TimeControl "40/5400+30:1800+30"]

1. d4 {[%emt 0:00:00]} Nf6 {[%emt 0:00:00]} 2. Nf3 {[%emt 0:00:00]} d5 {[%emt 0:00:11]} 3. c4 {[%emt 0:00:04]} e6 {[%emt 0:00:06]} 4. g3 {[%emt 0:00:20]} Bb4+ {[%emt 0:01:56]} 5. Bd2 {[%emt 0:00:27]} Bd6 {[%emt 0:00:06]} 6. Bg2 {[%emt 0:01:29]} c6 {[%emt 0:00:48]} 7. Qc2 {[%emt 0:01:18]} O-O {[%emt 0:00:18]} 8. O-O {[%emt 0:00:03]} Nbd7 {[%emt 0:01:20]} 9. Bg5 {[%emt 0:05:14]} h6 {[%emt 0:11:48]} 10. Bxf6 {[%emt 0:00:09]} Nxf6 {[%emt 0:02:34]} 11. Nbd2 {[%emt 0:00:09]} Qe7 {[%emt 0:05:26]} 12. e4 {[%emt 0:00:18]} Nxe4 {[%emt 0:00:23]} 13. Nxe4 {[%emt 0:00:10]} dxe4 {[%emt 0:00:03]} 14. Qxe4 {[%emt 0:00:02]} c5 {[%emt 0:05:30]} 15. dxc5 {[%emt 0:00:46]} Bxc5 {[%emt 0:00:17]} 16. Ne5 {[%emt 0:00:10]} a5 {[%emt 0:09:20]} 17. Nd3 {[%emt 0:11:48]} Ra6 {[%emt 0:05:10]} 18. Rad1 {[%emt 0:01:02]} Ba7 {[%emt 0:04:54]} 19. Qe5 {[%emt 0:13:29]} Qg5 {[%emt 0:17:50]} 20. Qxg5 {[%emt 0:07:11]} hxg5 {[%emt 0:00:06]} 21. c5 {[%emt 0:00:09]} Bb8 {[%emt 0:03:46]} 22. Rfe1 {[%emt 0:04:32]} Rd8 {[%emt 0:11:48]} 23. c6 {[%emt 0:03:55]} b6 {[%emt 0:02:53]} 24. b4 {[%emt 0:20:11]} Bc7 {[%emt 0:00:39]} 25. b5 {[%emt 0:00:06]} Ra7 {[%emt 0:03:04]} 26. Nb2 {[%emt 0:04:58]} Rxd1 {[%emt 0:01:30]} 27. Rxd1 {[%emt 0:00:01]} Kf8 {[%emt 0:00:21]} 28. Nc4 {[%emt 0:00:08]} Ke7 {[%emt 0:00:09]} 29. a4 {[%emt 0:01:18]} Ra8 {[%emt 0:01:19]} 30. Kf1 {[%emt 0:00:11]} Rb8 {[%emt 0:00:19]} 31. Ke2 {[%emt 0:00:16]} Ra8 {[%emt 0:02:33]} 32. f4 {[%emt 0:05:09]} gxf4 {[%emt 0:02:20]} 33. gxf4 {[%emt 0:00:06]} Rb8 {[%emt 0:01:01]} 34. Ke3 {[%emt 0:00:55]} f6 {[%emt 0:03:40]} 35. h4 {[%emt 0:02:37]} Ra8 {[%emt 0:00:33]} 36. Bh3 {[%emt 0:01:37]} Ra7 {[%emt 0:01:01]} 37. h5 {[%emt 0:01:04]} Ra8 {[%emt 0:00:21]} 38. Kf3 {[%emt 0:01:07]} Ra7 {[%emt 0:00:20]} 39. Ke4 {[%emt 0:01:30]} Ra8 {[%emt 0:00:58]} 40. f5 {[%emt 0:00:00]} e5 {[%emt 0:00:00]} 41. Ne3 {[%emt 0:00:35]} Ra7 {[%emt 0:01:53]} 42. Bf1 {[%emt 0:00:25]} Bd8 {[%emt 0:01:35]} 43. Bc4 {[%emt 0:00:16]} Bc7 {[%emt 0:00:10]} 44. Nd5+ {[%emt 0:00:56]} Kf8 {[%emt 0:00:42]} 45. Ne3 {[%emt 0:02:08]} Ke7 {[%emt 0:00:06]} 46. Rg1 {[%emt 0:00:23]} Kf8 {[%emt 0:00:17]} 47. h6 {[%emt 0:00:05]} 1-0

[Event "ROU-chT 1st League 2019"]
[Site "Mamaia"]
[Date "2019.09.25"]
[Round "5.18"]
[White "Ciorica, Mihai-Vlad"]
[Black "Ileana, George"]
[Result "0-1"]
[WhiteElo "1985"]
[BlackElo "2349"]
[Annotator "NA"]
[PlyCount "108"]
[EventDate "2019.09.21"]
[EventType "team-tourn"]
[EventCountry "ROU"]
[SourceTitle "playchess.com"]
[Source "ChessBase"]
[SourceQuality "1"]
[TimeControl "40/5400+30:1800+30"]

1. d4 {[%emt 0:01:51]} Nf6 {[%emt 0:00:06]} 2. c4 {[%emt 0:00:04]} e6 {[%emt 0:00:00]} 3. Nf3 {[%emt 0:00:02]} Bb4+ {[%emt 0:00:00]} 4. Bd2 {[%emt 0:00:05]} Qe7 {[%emt 0:00:13]} 5. g3 {[%emt 0:00:09]} Nc6 {[%emt 0:00:53]} 6. Bg2 {[%emt 0:00:13]} O-O {[%emt 0:00:27]} 7. Nc3 {[%emt 0:00:22]} Bxc3 {[%emt 0:01:05]} 8. Bxc3 {[%emt 0:00:04]} Ne4 {[%emt 0:00:06]} 9. Rc1 {[%emt 0:00:03]} d6 {[%emt 0:00:06]} 10. d5 {[%emt 0:01:01]} Nd8 {[%emt 0:00:08]} 11. dxe6 {[%emt 0:03:28]} Nxe6 {[%emt 0:00:06]} 12. Nd4 {[%emt 0:01:38]} Nxc3 {[%emt 0:09:46]} 13. Rxc3 {[%emt 0:00:43]} a5 {[%emt 0:00:22]} 14. Nxe6 {[%emt 0:02:03]} Bxe6 {[%emt 0:00:15]} 15. O-O {[%emt 0:00:22]} Rab8 {[%emt 0:00:51]} 16. Qd4 {[%emt 0:04:31]} Rfd8 {[%emt 0:06:43]} 17. Rfc1 {[%emt 0:11:32]} b6 {[%emt 0:00:42]} 18. Bc6 {[%emt 0:07:25]} Qg5 {[%emt 0:00:42]} 19. Bd5 {[%emt 0:00:11]} c5 {[%emt 0:00:48]} 20. Qe3 {[%emt 0:01:08]} Qxe3 {[%emt 0:00:14]} 21. Rxe3 {[%emt 0:00:04]} Bxd5 {[%emt 0:00:05]} 22. cxd5 {[%emt 0:00:06]} Kf8 {[%emt 0:01:08]} 23. a4 {[%emt 0:02:22]} Re8 {[%emt 0:00:52]} 24. Rxe8+ {[%emt 0:03:40]} Rxe8 {[%emt 0:00:35]} 25. e3 {[%emt 0:02:44]} Re4 {[%emt 0:00:04]} 26. b3 {[%emt 0:00:44]} Rb4 {[%emt 0:00:25]} 27. Rc3 {[%emt 0:00:41]} g5 {[%emt 0:02:29]} 28. f4 {[%emt 0:01:55]} g4 {[%emt 0:00:31]} 29. h3 {[%emt 0:06:55]} h5 {[%emt 0:00:08]} 30. hxg4 {[%emt 0:00:03]} hxg4 {[%emt 0:00:04]} 31. Kf2 {[%emt 0:00:38]} Kg7 {[%emt 0:00:12]} 32. e4 {[%emt 0:05:00]} Rxe4 {[%emt 0:00:26]} 33. Re3 {[%emt 0:00:03]} Rb4 {[%emt 0:03:06]} 34. Re7 {[%emt 0:00:06]} Rxb3 {[%emt 0:04:41]} 35. Rd7 {[%emt 0:00:05]} Kf6 {[%emt 0:00:15]} 36. Rxd6+ {[%emt 0:00:48]} Kf5 {[%emt 0:00:22]} 37. Rd7 {[%emt 0:02:45]} Ke4 {[%emt 0:00:37]} 38. d6 {[%emt 0:01:42]} Rb2+ {[%emt 0:00:41]} 39. Ke1 {[%emt 0:00:44]} Kd5 {[%emt 0:00:29]} 40. Rxf7 {[%emt 0:00:00]} Kxd6 {[%emt 0:00:00]} 41. Rg7 {[%emt 0:00:35]} c4 {[%emt 0:00:57]} 42. Rxg4 {[%emt 0:00:21]} c3 {[%emt 0:23:03]} 43. Kd1 {[%emt 0:02:30]} b5 {[%emt 0:08:19]} 44. axb5 {[%emt 0:25:27]} a4 {[%emt 0:01:58]} 45. Rg6+ {[%emt 0:01:19]} Kd5 {[%emt 0:02:50]} 46. Ra6 {[%emt 0:01:41]} Kc4 {[%emt 0:00:44]} 47. Ra8 {[%emt 0:22:56]} Kb3 {[%emt 0:31:48]} 48. b6 {[%emt 0:00:27]} c2+ {[%emt 0:00:16]} 49. Kd2 {[%emt 0:00:17]} Rb1 {[%emt 0:00:02]} 50. Rc8 {[%emt 0:00:41]} Rd1+ {[%emt 0:00:03]} 51. Ke2 {[%emt 0:00:25]} Rd7 {[%emt 0:00:03]} 52. b7 {[%emt 0:12:09]} Rxb7 {[%emt 0:00:13]} 53. Kd2 {[%emt 0:00:01]} Rd7+ {[%emt 0:00:27]} 54. Ke2 {[%emt 0:00:02]} Rd1 {[%emt 0:01:46]} 0-1

[Event "ROU-chT 1st League 2019"]
[Site "Mamaia"]
[Date "2019.09.25"]
[Round "5.19"]
[White "Erdos, Viktor"]
[Black "Parligras, Mircea-Emilian"]
[Result "1/2-1/2"]
[WhiteElo "2604"]
[BlackElo "2629"]
[Annotator "TA"]
[PlyCount "34"]
[EventDate "2019.09.21"]
[EventType "team-tourn"]
[EventCountry "ROU"]
[SourceTitle "playchess.com"]
[Source "ChessBase"]
[SourceQuality "1"]

{[%evp 9,34,-8,0,-8,-13,-10,-10,-10,-10,-9,-8,-6,-10,-7,-3,0,0,0,0,0,0,-1,0,0,0,0,0]} 1. e4 e5 2. Nf3 Nc6 3. Nc3 Nf6 4. a3 d5 5. Bb5 Nxe4 {The position is equal.} 6. Qe2 {C47: Scotch Four Knights and Four Knights with 4 g3} Qd6 7. Nxe4 dxe4 8. Qxe4 Bd7 9. d4 {[%cal Rd4e5]} O-O-O 10. dxe5 Nxe5 11. Bxd7+ Rxd7 {[%csl Gd7][%cal Rd6d1] [#]} 12. Be3 Nxf3+ 13. Qxf3 Qd5 14. Qxd5 Rxd5 {[#]} 15. Rd1 $146 (15. Bxa7 $2 b6 $17) ({Predecessor:} 15. Ke2 Bc5 16. Rad1 Re5 17. Rd3 {½-½ (17) Safarli,E (2681)-Bai,J (2572) chess.com INT 2019}) 15... Rxd1+ 16. Kxd1 Be7 17. Ke2 ({Much weaker is} 17. Bxa7 b6 $17) 17... Rd8 1/2-1/2

[Event "ROU-chT 1st League 2019"]
[Site "Mamaia"]
[Date "2019.09.25"]
[Round "5.20"]
[White "Deac, Bogdan-Daniel"]
[Black "Gonda, Laszlo"]
[Result "1-0"]
[WhiteElo "2613"]
[BlackElo "2541"]
[Annotator "TA"]
[PlyCount "69"]
[EventDate "2019.09.21"]
[EventType "team-tourn"]
[EventCountry "ROU"]
[SourceTitle "playchess.com"]
[Source "ChessBase"]
[SourceQuality "1"]

{[%evp 14,69,0,0,1,0,0,0,7,4,6,-8,-6,-3,-2,0,-5,-9,-9,-17,0,0,0,0,0,0,0,0,0,0,0,-12,0,0,-8,0,0,0,0,-15,0,-11,3,22,70,66,73,59,91,83,161,164,222,195,448,445,802,776]} 1. e4 e5 2. Nf3 Nc6 3. Bb5 Nf6 4. d3 d6 5. c3 g6 6. Nbd2 Bg7 7. Nf1 a6 8. Ba4 b5 {C77: Ruy Lopez: 3...a6 4 Ba4 Nf6, unusual lines} 9. Bb3 Na5 10. Bc2 c5 {The position is equal.} 11. Bg5 h6 12. Bxf6 $146 ({Predecessor:} 12. Bh4 Be6 13. Ne3 O-O 14. O-O Rb8 15. d4 cxd4 16. cxd4 {0-1 (50) Al Modiahki,M (2579)-Kobalia,M (2654) Gibraltar 2006}) 12... Bxf6 13. Ne3 Bg7 14. a3 O-O 15. b4 Nc6 16. Bb3 Kh8 17. Bd5 Bd7 18. bxc5 dxc5 19. a4 Rb8 20. O-O f5 21. axb5 axb5 22. Ra6 Ne7 {aiming for ...f4.} 23. c4 f4 24. Nc2 Bc8 25. Ra7 $36 {[%mdl 2048] White has good play.} Bg4 26. h3 Bh5 27. Qe2 g5 28. Rfa1 g4 29. hxg4 Bxg4 {[#]} 30. Nce1 $1 bxc4 31. dxc4 {[%cal Bd3c4,Bc4d5][%mdl 32]} Nxd5 (31... Rf6 $16 {was necessary.}) 32. cxd5 $18 ({Inferior is} 32. exd5 Qe8 $11) 32... Rb3 (32... Rg8 $142 33. Qc2 Qd6) 33. Qc2 Qb6 $2 {[#]} (33... Rb5 34. Nd2 Bh5) 34. R1a6 Qb5 (34... Qb8 $142 35. Qxc5 Rb7 36. Nxe5 Rxa7 37. Ng6+ {[%mdl 64] Double Attack, Zwischenzug} Kg8 38. Rxa7 Rf7) 35. Rg6 {Accuracy: White = 87%, Black = 42%.} 1-0